Geography Quiz

Random Geography or State Quiz

US States That Border an Ocean Quiz Stats

 Plays Quiz Updated Nov 24, 2014

Challenge
Share
Tweet
Embed
Score 0/22 Timer 02:00
8 Plays Today
Miles of Coastline State % Correct
840California
98.5%
1,350Florida
97.8%
157Washington
96%
228Maine
94%
296Oregon
93.5%
367Texas
92.9%
127New York
92.9%
187South Carolina
92.8%
301North Carolina
92.7%
100Georgia
88.8%
6,640Alaska
88.8%
Miles of Coastline State % Correct
397Louisiana
85.7%
112Virginia
85.5%
40Rhode Island
85.5%
130New Jersey
84.5%
53Alabama
83%
750Hawaii
82.5%
31Maryland
82.5%
192Massachusetts
80.3%
44Mississippi
79.6%
28Delaware
79.3%
13New Hampshire
69%

You're not logged in!

Compare scores with friends on all Sporcle quizzes.
Join for Free
OR
Log In

You Might Also Like...

Show Comments

Extras

Top Quizzes Today


Score Distribution

Your Account Isn't Verified!

In order to create a playlist on Sporcle, you need to verify the email address you used during registration. Go to your Sporcle Settings to finish the process.

Report this User

Report this user for behavior that violates our Community Guidelines.

Details: